[Event "43. India ch"]
[Site "Visakhapatnam IND"]
[Date "2006.04.08"]
[Round "8.6"]
[White "Roy Chowdhury, Saptarshi"]
[Black "Arun Prasad, S."]
[Result "1/2-1/2"]
[WhiteElo "2393"]
[BlackElo "2384"]
[PlyCount "32"]
[EventDate "2006.04.03"]
[EventType "tourn"]
[EventRounds "21"]
[EventCountry "IND"]
[Source "lmi"]
[SourceDate "2006.04.17"]

1. d4 d5 2. Nf3 e6 3. c4 Be7 4. Nc3 Nf6 5. cxd5 exd5 6. Bg5 c6 7. Qc2 g6 8. e3
Bf5 9. Bd3 Bxd3 10. Qxd3 O-O 11. O-O Nbd7 12. h3 Re8 13. Bf4 Bf8 14. Ne5 Nxe5
15. Bxe5 Nd7 16. Bg3 f5 1/2-1/2

[Event "43. India ch"]
[Site "Visakhapatnam IND"]
[Date "2006.04.08"]
[Round "8.7"]
[White "Gupta, Abhijeet"]
[Black "Deepan Chakkravarthy, J."]
[Result "0-1"]
[WhiteElo "2434"]
[BlackElo "2428"]
[PlyCount "184"]
[EventDate "2006.04.03"]
[EventType "tourn"]
[EventRounds "21"]
[EventCountry "IND"]
[Source "lmi"]
[SourceDate "2006.04.17"]

1. d4 e6 2. c4 Nf6 3. Nc3 c5 4. d5 exd5 5. cxd5 d6 6. e4 g6 7. Nf3 a6 8. Qe2
Bg7 9. e5 dxe5 10. Qxe5+ Kf8 11. Be2 Nbd7 12. Qd6+ Qe7 13. Bf4 Nh5 14. Qxe7+
Kxe7 15. Bc7 Re8 16. O-O Kf8 17. Rfe1 b5 18. Nd2 Nhf6 19. Bf3 Bb7 20. Nde4 Rac8
21. d6 Nxe4 22. Nxe4 Ba8 23. Rab1 h6 24. Kf1 f5 25. Nd2 Rxe1+ 26. Rxe1 Bxf3 27.
Nxf3 Re8 28. b3 Rxe1+ 29. Nxe1 Kf7 30. Nd3 g5 31. b4 Bd4 32. bxc5 Bxc5 33. h4
Ke6 34. hxg5 hxg5 35. g4 fxg4 36. Bd8 Bxd6 37. Bxg5 Kf5 38. Bd2 Ke4 39. Ke2 Ne5
40. Nc1 Nc4 41. Bc3 a5 42. Nd3 b4 43. Bf6 Ne5 44. Ne1 Nf3 45. Nc2 Bc5 46. Bd8
a4 47. Bf6 b3 48. axb3 axb3 49. Na1 Bd4 50. Nxb3 Bxf6 51. Nc5+ Kf5 52. Nd3 Bd4
53. Kf1 Ne5 54. Ne1 Ke4 55. Ke2 Bc5 56. Kf1 Nf3 57. Ng2 Bb6 58. Ke2 Ng1+ 59.
Kf1 Nh3 60. Nh4 Bxf2 61. Nf3 Be3 62. Nh2 g3 63. Kg2 gxh2 64. Kxh2 Ng5 65. Kg3
Bf4+ 66. Kf2 Kd3 67. Kf1 Bg3 68. Kg2 Bh4 69. Kf1 Ke3 70. Kg2 Ke2 71. Kg1 Kf3
72. Kh2 Bg3+ 73. Kg1 Ne4 74. Kh1 Nf2+ 75. Kg1 Bf4 76. Kf1 Bh2 77. Ke1 Ne4 78.
Kd1 Ke3 79. Kc2 Nd2 80. Kc3 Bd6 81. Kc2 Ke2 82. Kc3 Bc5 83. Kc2 Bb4 84. Kc1 Kd3
85. Kb2 Bd6 86. Kc1 Nc4 87. Kd1 Bb4 88. Kc1 Bd2+ 89. Kb1 Kc3 90. Ka2 Kc2 91.
Ka1 Bc1 92. Ka2 Ne3 0-1

[Event "43. India ch"]
[Site "Visakhapatnam IND"]
[Date "2006.04.08"]
[Round "8.9"]
[White "Himanshu, Sharma"]
[Black "Kamble, Vikramaditya"]
[Result "1/2-1/2"]
[WhiteElo "2411"]
[BlackElo "2403"]
[PlyCount "79"]
[EventDate "2006.04.03"]
[EventType "tourn"]
[EventRounds "21"]
[EventCountry "IND"]
[Source "lmi"]
[SourceDate "2006.04.17"]

1. Nf3 Nf6 2. d4 g6 3. g3 Bg7 4. Bg2 O-O 5. O-O d6 6. Re1 Nbd7 7. e4 e5 8. Nc3
Re8 9. h3 c6 10. a4 Qc7 11. a5 Rb8 12. Bg5 b5 13. axb6 axb6 14. Qd2 b5 15. dxe5
dxe5 16. Qe3 Bf8 17. Red1 Bb7 18. Nh2 Bc5 19. Qf3 Kg7 20. Ng4 Nxg4 21. Qxg4 Nf8
22. Rd3 Ne6 23. Be3 Red8 24. Rxd8 Rxd8 25. Bxc5 Nxc5 26. Rd1 Ne6 27. Nb1 Bc8
28. Rxd8 Qxd8 29. Qe2 Nc5 30. Qd2 Qxd2 31. Nxd2 Na4 32. b3 Nc3 33. Kf1 Kf6 34.
Ke1 Ke6 35. Nf1 Kd6 36. Kd2 Nb1+ 37. Kc1 Nc3 38. Kd2 Nb1+ 39. Kc1 Nc3 40. Kd2
1/2-1/2

[Event "43. India ch"]
[Site "Visakhapatnam IND"]
[Date "2006.04.08"]
[Round "9.1"]
[White "Deepan Chakkravarthy, J."]
[Black "Himanshu, Sharma"]
[Result "1-0"]
[WhiteElo "2428"]
[BlackElo "2411"]
[PlyCount "73"]
[EventDate "2006.04.03"]
[EventType "tourn"]
[EventRounds "21"]
[EventCountry "IND"]
[Source "lmi"]
[SourceDate "2006.04.17"]

1. e4 c5 2. Nf3 e6 3. d4 cxd4 4. Nxd4 Nf6 5. Nc3 d6 6. Be3 a6 7. f3 b5 8. Qd2
Nbd7 9. g4 Nb6 10. a4 b4 11. Na2 Nxa4 12. Nxb4 Nc5 13. g5 Nfd7 14. Nbc6 Qc7 15.
b4 e5 16. bxc5 dxc5 17. Nb3 Qxc6 18. Qd5 Qxd5 19. exd5 Bd6 20. Kd2 Ke7 21. Bd3
Rb8 22. Na5 Bb7 23. Nxb7 Rxb7 24. Bxa6 Rb4 25. Bd3 Rhb8 26. Ra7 Ke8 27. Be4 Nb6
28. Ke2 Na4 29. Bd2 Rc4 30. Ra1 Nc3+ 31. Bxc3 Rxc3 32. R1a6 Rd8 33. Kd2 Rc4 34.
c3 Be7 35. Kd3 Rxe4 36. fxe4 Bxg5 37. Rc6 1-0

[Event "43. India ch"]
[Site "Visakhapatnam IND"]
[Date "2006.04.08"]
[Round "9.2"]
[White "Sandipan, Chanda"]
[Black "Koneru, Humpy"]
[Result "1-0"]
[WhiteElo "2522"]
[BlackElo "2537"]
[PlyCount "163"]
[EventDate "2006.04.03"]
[EventType "tourn"]
[EventRounds "21"]
[EventCountry "IND"]
[Source "lmi"]
[SourceDate "2006.04.17"]

1. e4 c6 2. d4 d5 3. Nd2 dxe4 4. Nxe4 Nd7 5. Ng5 Ngf6 6. Bd3 e6 7. N1f3 Bd6 8.
Qe2 h6 9. Ne4 Nxe4 10. Qxe4 Nf6 11. Qe2 Qc7 12. O-O O-O 13. Ne5 c5 14. c3 Rd8
15. Re1 b6 16. Bd2 Bb7 17. Rad1 cxd4 18. cxd4 Rac8 19. Bf4 Nd5 20. Bg3 Qe7 21.
Bb1 Re8 22. Qd3 f5 23. a3 Nf6 24. f3 Bd5 25. Bh4 Qc7 26. Qd2 Nd7 27. Bg3 Nxe5
28. Bxe5 Red8 29. Rc1 Qd7 30. Qd3 Bxe5 31. dxe5 Rxc1 32. Rxc1 Bb7 33. Rd1 Qxd3
34. Rxd3 Rxd3 35. Bxd3 Bd5 36. f4 Kf7 37. Kf2 Ke7 38. b4 Kd7 39. g3 Kc6 40. Ke3
b5 41. Kd4 a6 42. Be2 Bg2 43. Bh5 Bd5 44. Be8+ Kb6 45. Bf7 Bc4 46. a4 Kc6 47.
Be8+ Kb6 48. a5+ Kc7 49. Bg6 Kc6 50. Bf7 Kc7 51. Kc5 g5 52. fxg5 hxg5 53. h3
Kd7 54. Kd4 Ke7 55. Bh5 Bd5 56. Ke3 Kf8 57. Kf2 Bc6 58. Be2 Kg7 59. h4 gxh4 60.
gxh4 Kg6 61. Ke3 Bd5 62. Kd4 f4 63. Bg4 Kh6 64. Kd3 Kg7 65. Bh5 Bc6 66. Ke2 Kh6
67. Bf7 Bd5 68. Be8 Bb7 69. Kf2 Kg7 70. Bh5 Kh6 71. Bf7 Bd5 72. Kg1 Kg7 73. Be8
Bb7 74. Kh2 Kf8 75. Bh5 Kg7 76. Kh3 Kh6 77. Bf7 Bd5 78. Kg4 Kg7 79. Be8 f3 80.
Kg3 Kh6 81. Bf7 Kg7 82. Bh5 1-0

[Event "43. India ch"]
[Site "Visakhapatnam IND"]
[Date "2006.04.08"]
[Round "9.3"]
[White "Ramesh, RB."]
[Black "Sundararajan, Kidambi"]
[Result "1/2-1/2"]
[WhiteElo "2491"]
[BlackElo "2495"]
[PlyCount "158"]
[EventDate "2006.04.03"]
[EventType "tourn"]
[EventRounds "21"]
[EventCountry "IND"]
[Source "lmi"]
[SourceDate "2006.04.17"]

1. e4 e5 2. Nf3 Nc6 3. Bb5 Nf6 4. O-O Nxe4 5. d4 Nd6 6. Bxc6 dxc6 7. dxe5 Nf5
8. Qxd8+ Kxd8 9. Nc3 Ne7 10. h3 Bf5 11. Nd4 Bg6 12. f4 c5 13. Nf3 Bxc2 14. g4
Kc8 15. Ne1 Bg6 16. f5 Nc6 17. fxg6 hxg6 18. Rxf7 Nxe5 19. Rf1 Bd6 20. Bf4 Kd7
21. Rd1 Rae8 22. Nd3 Kc6 23. Bxe5 Bxe5 24. Nxe5+ Rxe5 25. Kg2 Re3 26. Rf7 Rhxh3
27. Rdd7 Reg3+ 28. Kf2 Rxg4 29. Rxc7+ Kd6 30. Rfd7+ Ke6 31. Re7+ Kd6 32. Nb5+
Kd5 33. Rcd7+ Kc6 34. Nxa7+ Kb6 35. Rxb7+ Ka6 36. Nc8 Rb4 37. Ra7+ Kb5 38.
Reb7+ Kc4 39. Nb6+ Kd4 40. Rd7+ Ke5 41. Na4 Rf4+ 42. Kg2 Rhh4 43. Re7+ Kd6 44.
Rad7+ Kc6 45. Rc7+ Kd6 46. Red7+ Ke5 47. Rxc5+ Ke6 48. Rd3 Rxa4 49. a3 Rae4 50.
b4 Re2+ 51. Kf3 Rhh2 52. Rcc3 Kf5 53. Rc5+ Ke6 54. Ra5 Rhf2+ 55. Kg4 Rf5 56.
Ra6+ Ke5 57. Rg3 Re4+ 58. Kh3 g5 59. Rg6 Kf4 60. Rxg7 Re1 61. Rc7 Rfe5 62. Rc4+
Kf5 63. a4 R5e2 64. Rg2 Re3+ 65. Kh2 Ra3 66. a5 Rb1 67. Rc5+ Ke6 68. Rb5 Ra4
69. Rb6+ Kf5 70. Rb5+ Kf6 71. Rf2+ Kg6 72. Rb6+ Kh5 73. Kg3 Rb3+ 74. Rf3 Rbxb4
75. Rxb4 Rxb4 76. Ra3 Kg6 77. a6 Rb8 78. Kf3 Kf6 79. Ke4 Ke6 1/2-1/2

[Event "43. India ch"]
[Site "Visakhapatnam IND"]
[Date "2006.04.08"]
[Round "9.5"]
[White "Thejkumar, MS."]
[Black "Sivanandan, BS."]
[Result "1/2-1/2"]
[WhiteElo "2384"]
[BlackElo "2452"]
[PlyCount "21"]
[EventDate "2006.04.03"]
[EventType "tourn"]
[EventRounds "21"]
[EventCountry "IND"]
[Source "lmi"]
[SourceDate "2006.04.17"]

1. e4 c5 2. Nf3 d6 3. d4 cxd4 4. Nxd4 Nf6 5. Nc3 g6 6. Be3 Bg7 7. f3 Nc6 8. Qd2
O-O 9. Bc4 Bd7 10. O-O-O Ne5 11. Bb3 1/2-1/2

[Event "43. India ch"]
[Site "Visakhapatnam IND"]
[Date "2006.04.08"]
[Round "9.8"]
[White "Girinath, PDS."]
[Black "Ravi, Lanka"]
[Result "1/2-1/2"]
[WhiteElo "2350"]
[BlackElo "2423"]
[PlyCount "24"]
[EventDate "2006.04.03"]
[EventType "tourn"]
[EventRounds "21"]
[EventCountry "IND"]
[Source "lmi"]
[SourceDate "2006.04.17"]

1. e4 e6 2. d4 d5 3. exd5 exd5 4. Nf3 Bd6 5. Bd3 Ne7 6. O-O Bg4 7. c4 dxc4 8.
Bxc4 O-O 9. h3 Bh5 10. Nc3 Nbc6 11. d5 Ne5 12. Be2 Bxf3 1/2-1/2

[Event "43. India ch"]
[Site "Visakhapatnam IND"]
[Date "2006.04.08"]
[Round "9.10"]
[White "Kamble, Vikramaditya"]
[Black "Ganguly, Surya Shekhar"]
[Result "0-1"]
[WhiteElo "2403"]
[BlackElo "2579"]
[PlyCount "94"]
[EventDate "2006.04.03"]
[EventType "tourn"]
[EventRounds "21"]
[EventCountry "IND"]
[Source "lmi"]
[SourceDate "2006.04.17"]

1. Nf3 d5 2. d4 Nf6 3. c4 dxc4 4. e3 e6 5. Bxc4 a6 6. O-O Nbd7 7. a3 b5 8. Ba2
Bb7 9. Qe2 c5 10. dxc5 Nxc5 11. Rd1 Bd6 12. Nc3 Nfe4 13. Nxe4 Nxe4 14. Nd2 Qh4
15. Nf1 Rd8 16. Rd4 Be5 17. Rxd8+ Qxd8 18. Qc2 Qc8 19. Bb1 O-O 20. f3 Nf6 21.
Qxc8 Rxc8 22. Bd3 Nd7 23. Rb1 Nc5 24. Bc2 Bd5 25. Nd2 Na4 26. Bb3 Bxb3 27. Nxb3
Rd8 28. Kf2 Rd1 29. Ke2 Rh1 30. Nd2 Bxb2 31. Bxb2 Rxb1 32. Nxb1 Nxb2 33. Kd2
Na4 34. Kc2 Kf8 35. Kb3 a5 36. Nd2 Ke7 37. f4 Kd6 38. Ne4+ Kd5 39. Ng5 Nc5+ 40.
Kc2 f6 41. Nxh7 Kc4 42. h4 b4 43. axb4 axb4 44. Nxf6 gxf6 45. h5 b3+ 46. Kb1
Kc3 47. h6 b2 0-1

[Event "43. India ch"]
[Site "Visakhapatnam IND"]
[Date "2006.04.09"]
[Round "10.3"]
[White "Koneru, Humpy"]
[Black "Thejkumar, MS."]
[Result "1-0"]
[WhiteElo "2537"]
[BlackElo "2384"]
[PlyCount "51"]
[EventDate "2006.04.03"]
[EventType "tourn"]
[EventRounds "21"]
[EventCountry "IND"]
[Source "lmi"]
[SourceDate "2006.04.17"]

1. d4 d5 2. c4 e6 3. Nc3 Nf6 4. cxd5 exd5 5. Bg5 c6 6. e3 Be7 7. Qc2 O-O 8. Bd3
Nbd7 9. Nge2 Re8 10. f3 Nf8 11. O-O Be6 12. Rad1 Rc8 13. Kh1 Qd7 14. Bxf6 Bxf6
15. e4 dxe4 16. fxe4 Qc7 17. e5 Be7 18. Nf4 Bg4 19. Rd2 Bb4 20. h3 Bd7 21. Rdf2
Bxc3 22. bxc3 Re7 23. Qd2 Ne6 24. d5 Nxf4 25. d6 Nxd3 26. Qxd3 1-0

[Event "43. India ch"]
[Site "Visakhapatnam IND"]
[Date "2006.04.09"]
[Round "10.4"]
[White "Kunte, Abhijit"]
[Black "Sandipan, Chanda"]
[Result "1-0"]
[WhiteElo "2551"]
[BlackElo "2522"]
[PlyCount "105"]
[EventDate "2006.04.03"]
[EventType "tourn"]
[EventRounds "21"]
[EventCountry "IND"]
[Source "lmi"]
[SourceDate "2006.04.17"]

1. d4 Nf6 2. Nf3 g6 3. Bg5 Bg7 4. Nbd2 d6 5. e4 h6 6. Bxf6 Bxf6 7. Bc4 Bg7 8.
c3 e5 9. dxe5 dxe5 10. h4 Nc6 11. h5 gxh5 12. Nf1 Qxd1+ 13. Rxd1 Bg4 14. Be2 f5
15. exf5 Bxf5 16. Ne3 Be6 17. Nd2 O-O 18. Bc4 Bxc4 19. Nexc4 Ne7 20. Rxh5 Nd5
21. Ne4 Nf4 22. Rh2 Rad8 23. g3 Rxd1+ 24. Kxd1 Rd8+ 25. Kc2 Ng6 26. Rh1 b6 27.
Ne3 Ne7 28. Ng4 Nf5 29. Rh5 Nd6 30. Nxd6 cxd6 31. Nxh6+ Bxh6 32. Rxh6 Kg7 33.
Rh4 d5 34. Kd3 Kg6 35. f4 e4+ 36. Ke3 b5 37. a3 a5 38. g4 Kf6 39. Rh6+ Kg7 40.
g5 b4 41. axb4 axb4 42. cxb4 Rb8 43. Rd6 Rxb4 44. Rxd5 Kg6 45. Rd4 Rxb2 46.
Kxe4 Rb1 47. Rd6+ Kh5 48. Kf5 Rb5+ 49. Kf6 Rb8 50. g6 Kh6 51. f5 Rf8+ 52. Ke6
Ra8 53. Rd7 1-0

[Event "43. India ch"]
[Site "Visakhapatnam IND"]
[Date "2006.04.09"]
[Round "10.5"]
[White "Sundararajan, Kidambi"]
[Black "Sharma, Dinesh K"]
[Result "1/2-1/2"]
[WhiteElo "2495"]
[BlackElo "2370"]
[PlyCount "41"]
[EventDate "2006.04.03"]
[EventType "tourn"]
[EventRounds "21"]
[EventCountry "IND"]
[Source "lmi"]
[SourceDate "2006.04.17"]

1. d4 d5 2. Bf4 c5 3. e3 Nc6 4. c3 Qb6 5. Qb3 c4 6. Qc2 Bf5 7. Qc1 e6 8. Nf3 h6
9. Nbd2 Nf6 10. h3 Rc8 11. Be2 Be7 12. Bd1 Qa5 13. Bc2 b5 14. Qb1 Bxc2 15. Qxc2
b4 16. O-O O-O 17. Bh2 Bd8 18. Rfe1 Bc7 19. e4 Bxh2+ 20. Kxh2 Rb8 21. exd5
1/2-1/2

[Event "43. India ch"]
[Site "Visakhapatnam IND"]
[Date "2006.04.09"]
[Round "10.6"]
[White "Roy Chowdhury, Saptarshi"]
[Black "Girinath, PDS."]
[Result "0-1"]
[WhiteElo "2393"]
[BlackElo "2350"]
[PlyCount "110"]
[EventDate "2006.04.03"]
[EventType "tourn"]
[EventRounds "21"]
[EventCountry "IND"]
[Source "lmi"]
[SourceDate "2006.04.17"]

1. e4 e6 2. d4 d5 3. e5 c5 4. c3 Qb6 5. Nf3 Nc6 6. a3 a5 7. Bd3 Bd7 8. O-O Nh6
9. dxc5 Bxc5 10. c4 dxc4 11. Bxc4 Nd4 12. Nc3 Bc6 13. Nxd4 Bxd4 14. Qe2 Qc5 15.
Bf4 g5 16. Bd2 Nf5 17. Nb5 Bxb2 18. Rab1 Nd4 19. Qe3 Bxb5 20. Bxb5+ Qxb5 21. a4
Nf5 22. Qf3 Qxe5 23. Rfe1 Qd4 24. Qxf5 Qxd2 25. Qb5+ Kf8 26. Re2 Qd4 27. Rexb2
h6 28. Qe2 Kg7 29. Rxb7 Rhd8 30. h4 Qf6 31. R1b3 Rd4 32. Rf3 Rf4 33. Rxf4 gxf4
34. Qg4+ Kf8 35. Qh5 Rd8 36. Rb5 Qg6 37. Qc5+ Kg7 38. Rb3 Rd5 39. Qc4 Qg4 40.
Rd3 Rxd3 41. Qxd3 f3 42. g3 Qxa4 43. Qxf3 Qa1+ 44. Kh2 Qd4 45. Kg1 a4 46. Kh2
h5 47. Kg1 Kg6 48. Qa3 Qd1+ 49. Kh2 Qb3 50. Qe7 Qf3 51. Qg5+ Kh7 52. Kg1 a3 53.
Qc5 Qd1+ 54. Kh2 a2 55. Qa7 a1=Q 0-1

[Event "43. India ch"]
[Site "Visakhapatnam IND"]
[Date "2006.04.09"]
[Round "10.7"]
[White "Gupta, Abhijeet"]
[Black "Ramesh, RB."]
[Result "1-0"]
[WhiteElo "2434"]
[BlackElo "2491"]
[PlyCount "183"]
[EventDate "2006.04.03"]
[EventType "tourn"]
[EventRounds "21"]
[EventCountry "IND"]
[Source "lmi"]
[SourceDate "2006.04.17"]

1. d4 Nf6 2. c4 e6 3. Nc3 Bb4 4. Qc2 O-O 5. a3 Bxc3+ 6. Qxc3 d6 7. Nf3 b6 8. e3
Bb7 9. Be2 Nbd7 10. O-O c5 11. b4 d5 12. Bb2 Ne4 13. Qb3 cxb4 14. axb4 dxc4 15.
Bxc4 Nd6 16. b5 Nxc4 17. Qxc4 Qf6 18. Qe2 Qg6 19. Rfc1 Rfc8 20. Ne1 h5 21. f3
Nf6 22. e4 Qg5 23. Rxc8+ Bxc8 24. Bc1 Qg6 25. Nd3 h4 26. Qc2 Bb7 27. Nf4 Qh7
28. Qc7 Bxe4 29. fxe4 Qxe4 30. Qe5 Rd8 31. Bb2 Qc2 32. Qe2 Qxe2 33. Nxe2 Rd5
34. Rxa7 Rxb5 35. Ra2 Nd5 36. Bc1 f6 37. Rb2 Ra5 38. Kf2 g5 39. Bd2 Ra3 40. h3
Kf7 41. Nc1 Ra4 42. Nb3 Kg6 43. Ke2 Kf5 44. Kd3 Ra8 45. Rb1 Ra3 46. Rf1+ Kg6
47. Kc2 Ra2+ 48. Kb1 Ra8 49. Kb2 Rg8 50. Nc1 Rd8 51. Ne2 Rd7 52. Kb3 Rd8 53.
Nc3 Ne7 54. Nb5 Nd5 55. Rf2 Ra8 56. Re2 Kf7 57. Re1 Ke7 58. Nc3 Nc7 59. Bc1 Rd8
60. Kc4 Kf7 61. Be3 Rc8 62. Kd3 Ra8 63. d5 Nxd5 64. Nxd5 Rd8 65. Bxb6 Rxd5+ 66.
Kc3 e5 67. Be3 Kg6 68. Kc4 Rd7 69. Re2 f5 70. Bc5 e4 71. Bd4 Rd8 72. Ra2 f4 73.
Ra6+ Kh5 74. Re6 Rd7 75. Rxe4 Rf7 76. Re8 f3 77. Rh8+ Kg6 78. Rg8+ Kf5 79. gxf3
Kf4 80. Kd3 Rd7 81. Rf8+ Kg3 82. Rf5 Kxh3 83. Rxg5 Kh2 84. Ke4 h3 85. f4 Kh1
86. Rg1+ Kh2 87. Rd1 Kg2 88. Rd2+ Kh1 89. Kf3 Rb7 90. Rd1+ Kh2 91. Bg1+ Kh1 92.
Bf2+ 1-0

[Event "43. India ch"]
[Site "Visakhapatnam IND"]
[Date "2006.04.09"]
[Round "10.9"]
[White "Sivanandan, BS."]
[Black "Sriram, Jha"]
[Result "1-0"]
[WhiteElo "2452"]
[BlackElo "2444"]
[PlyCount "63"]
[EventDate "2006.04.03"]
[EventType "tourn"]
[EventRounds "21"]
[EventCountry "IND"]
[Source "lmi"]
[SourceDate "2006.04.17"]

1. e4 e5 2. Nf3 Nc6 3. Bb5 a6 4. Ba4 Nf6 5. O-O Be7 6. Re1 b5 7. Bb3 O-O 8. d4
d6 9. c3 Bg4 10. d5 Na5 11. Bc2 Qc8 12. h3 Bd7 13. Nbd2 c6 14. dxc6 Qxc6 15.
Nf1 Nc4 16. Ng3 Rfe8 17. a4 h6 18. Nh4 d5 19. exd5 Qxd5 20. Nhf5 Bf8 21. Nxh6+
gxh6 22. Nh5 Qe6 23. Nxf6+ Qxf6 24. Qxd7 Bc5 25. Qf5 Qxf5 26. Bxf5 Rad8 27.
axb5 axb5 28. Bxh6 Nxb2 29. Re4 Bf8 30. Rg4+ Kh8 31. Bxf8 Rxf8 32. Ra6 1-0

[Event "43. India ch"]
[Site "Visakhapatnam IND"]
[Date "2006.04.09"]
[Round "10.10"]
[White "Ravi, Lanka"]
[Black "Kamble, Vikramaditya"]
[Result "1-0"]
[WhiteElo "2423"]
[BlackElo "2403"]
[PlyCount "77"]
[EventDate "2006.04.03"]
[EventType "tourn"]
[EventRounds "21"]
[EventCountry "IND"]
[Source "lmi"]
[SourceDate "2006.04.17"]

1. d4 d5 2. c4 e6 3. Nc3 Nf6 4. cxd5 exd5 5. Bg5 Nbd7 6. e3 c6 7. Bd3 Be7 8.
Qc2 O-O 9. Nge2 Re8 10. O-O h6 11. Bh4 b6 12. f3 c5 13. Bb5 Bb7 14. dxc5 Bxc5
15. Bxf6 gxf6 16. Kh1 a6 17. Ba4 Rxe3 18. Ng3 Re5 19. f4 Re6 20. Bb3 Nf8 21.
Qf5 Ng6 22. Nxd5 Rd6 23. Ne4 Kg7 24. Rad1 Re6 25. Ng3 Qf8 26. Qh3 Rc6 27. Nh5+
Kh8 28. Ndxf6 Rd8 29. Nd5 Qe7 30. Qc3+ f6 31. Ndxf6 Bd4 32. Qh3 Qf8 33. Nd7 Qd6
34. Nhf6 Kg7 35. Qg4 Rxd7 36. Ne8+ Kh7 37. Nxd6 Rcxd6 38. f5 Ne5 39. Qg8# 1-0

[Event "43. India ch"]
[Site "Visakhapatnam IND"]
[Date "2006.04.10"]
[Round "11.2"]
[White "Sandipan, Chanda"]
[Black "Sundararajan, Kidambi"]
[Result "1/2-1/2"]
[WhiteElo "2522"]
[BlackElo "2495"]
[PlyCount "97"]
[EventDate "2006.04.03"]
[EventType "tourn"]
[EventRounds "21"]
[EventCountry "IND"]
[Source "lmi"]
[SourceDate "2006.04.17"]

1. e4 e5 2. Nf3 Nc6 3. Bb5 Nf6 4. O-O Nxe4 5. d4 Nd6 6. Bxc6 dxc6 7. dxe5 Nf5
8. Qxd8+ Kxd8 9. Nc3 Ne7 10. Bf4 Bg4 11. Ng5 Ke8 12. h3 Bf5 13. g4 Bxc2 14. e6
fxe6 15. Nxe6 Kf7 16. Rac1 Kxe6 17. Rxc2 Rd8 18. Bxc7 Rd7 19. Bb8 Nc8 20. Ne4
Be7 21. f4 Rhd8 22. Nc5+ Bxc5+ 23. Rxc5 Rd5 24. Rxd5 Rxd5 25. Re1+ Kf7 26. Kf2
h5 27. Re5 Rxe5 28. Bxe5 hxg4 29. hxg4 g6 30. Ke3 Ke6 31. Ke4 Ne7 32. Bh8 a6
33. Bg7 Nd5 34. Bd4 a5 35. f5+ gxf5+ 36. gxf5+ Kd6 37. Be5+ Ke7 38. Kd4 a4 39.
a3 Kd7 40. Bg3 Ke7 41. Bf2 Kf6 42. Ke4 Kf7 43. Bd4 Ke7 44. Bc5+ Kf6 45. Bd4+
Kf7 46. Bf2 Ke7 47. Bh4+ Kf7 48. Kd4 Ke8 49. Bg5 1/2-1/2

[Event "43. India ch"]
[Site "Visakhapatnam IND"]
[Date "2006.04.10"]
[Round "11.3"]
[White "Venkatesh, MR."]
[Black "Sivanandan, BS."]
[Result "1-0"]
[WhiteElo "2438"]
[BlackElo "2452"]
[PlyCount "67"]
[EventDate "2006.04.03"]
[EventType "tourn"]
[EventRounds "21"]
[EventCountry "IND"]
[Source "lmi"]
[SourceDate "2006.04.17"]

1. e4 e5 2. Nf3 Nf6 3. Nxe5 d6 4. Nf3 Nxe4 5. Nc3 Nxc3 6. dxc3 Be7 7. Bf4 Nd7
8. Qd2 O-O 9. O-O-O Nc5 10. h4 Re8 11. h5 Ne4 12. Qe1 Bf6 13. Be3 c5 14. Bc4
Be6 15. Bxe6 Rxe6 16. Nd2 Qa5 17. Nxe4 Rxe4 18. a3 b5 19. Qd2 Re6 20. g4 Rb8
21. g5 Be5 22. Rh4 Rbe8 23. Qd5 Qd8 24. Rh3 g6 25. hxg6 hxg6 26. f4 Bxc3 27.
bxc3 Rxe3 28. Rh7 R3e6 29. Rdh1 Kf8 30. Qb7 Re1+ 31. Kb2 Rb1+ 32. Kxb1 Re1+ 33.
Rxe1 Qf6 34. Qc8+ 1-0

[Event "43. India ch"]
[Site "Visakhapatnam IND"]
[Date "2006.04.10"]
[Round "11.8"]
[White "Girinath, PDS."]
[Black "Arun Prasad, S."]
[Result "0-1"]
[WhiteElo "2350"]
[BlackElo "2384"]
[PlyCount "124"]
[EventDate "2006.04.03"]
[EventType "tourn"]
[EventRounds "21"]
[EventCountry "IND"]
[Source "lmi"]
[SourceDate "2006.04.17"]

1. e4 c5 2. Nf3 d6 3. c3 Nf6 4. d3 Nc6 5. Nbd2 g6 6. g3 Bg7 7. Bg2 O-O 8. O-O
Rb8 9. Re1 Nd7 10. a4 a6 11. Nf1 b5 12. axb5 axb5 13. d4 b4 14. Be3 cxd4 15.
cxd4 Nb6 16. d5 Ne5 17. Nxe5 Bxe5 18. Bd4 Nc4 19. Re2 Bg4 20. f3 Bd7 21. Ne3
Bxd4 22. Qxd4 Na5 23. Qd1 Qb6 24. Kh1 Rfc8 25. Re1 Rc7 26. f4 Nc4 27. Qb3 Nxe3
28. Qxe3 Qxe3 29. Rxe3 Rc2 30. Rb3 Rbc8 31. Bf1 Rd2 32. Rxb4 Rcc2 33. h4 Bg4
34. Rb3 Be2 35. Kg1 Bxf1 36. Kxf1 Rh2 37. Kg1 Rhe2 38. Rd1 Rxe4 39. Rb8+ Kg7
40. Rb3 h5 41. Rbd3 Rxb2 42. R3d2 Rxd2 43. Rxd2 Kf6 44. Kf2 Kf5 45. Kf3 Rc4 46.
Rd3 Rc5 47. Ke3 Kg4 48. Kd4 Ra5 49. Kc4 Ra4+ 50. Kb5 Re4 51. Kc6 e6 52. Kxd6
exd5 53. Kxd5 Re1 54. Kd6 f5 55. Ra3 Rg1 56. Ke5 Rxg3 57. Ra1 Kxh4 58. Kf6 Rg4
59. Ra3 Rg2 60. Ra8 Kg4 61. Kxg6 h4 62. Kf6 h3 0-1

[Event "43. India ch"]
[Site "Visakhapatnam IND"]
[Date "2006.04.10"]
[Round "11.9"]
[White "Sriram, Jha"]
[Black "Koneru, Humpy"]
[Result "0-1"]
[WhiteElo "2444"]
[BlackElo "2537"]
[PlyCount "62"]
[EventDate "2006.04.03"]
[EventType "tourn"]
[EventRounds "21"]
[EventCountry "IND"]
[Source "lmi"]
[SourceDate "2006.04.17"]

1. d4 Nf6 2. c4 e6 3. Nf3 b6 4. g3 Ba6 5. Qa4 c5 6. Bg2 Bb7 7. dxc5 bxc5 8. O-O
Be7 9. Nc3 O-O 10. Bf4 d6 11. Rfd1 Qb6 12. Rd2 Nc6 13. Rad1 Nd4 14. Ne1 Bxg2
15. Kxg2 h6 16. f3 Rfd8 17. g4 Qb7 18. h3 Nd7 19. b3 Nb6 20. Qa3 d5 21. cxd5
exd5 22. Bg3 Ne6 23. Nc2 c4 24. Qa5 Bg5 25. e3 d4 26. Ne4 d3 27. Nxg5 dxc2 28.
Rxd8+ Nxd8 29. Rc1 hxg5 30. Rxc2 cxb3 31. axb3 Ne6 0-1

[Event "43. India ch"]
[Site "Visakhapatnam IND"]
[Date "2006.04.10"]
[Round "11.10"]
[White "Kamble, Vikramaditya"]
[Black "Roy Chowdhury, Saptarshi"]
[Result "1/2-1/2"]
[WhiteElo "2403"]
[BlackElo "2393"]
[PlyCount "44"]
[EventDate "2006.04.03"]
[EventType "tourn"]
[EventRounds "21"]
[EventCountry "IND"]
[Source "lmi"]
[SourceDate "2006.04.17"]

1. d4 Nf6 2. c4 e6 3. Nf3 d5 4. cxd5 exd5 5. Bg5 c6 6. Qc2 Nbd7 7. e3 Qa5+ 8.
Nbd2 Ne4 9. h4 h6 10. Bf4 Bb4 11. a3 Ndf6 12. Rc1 Be7 13. Bd3 O-O 14. Ke2 Bg4
15. Nxe4 dxe4 16. Bxe4 Rfe8 17. Bd3 Nd5 18. Bg3 Bf6 19. Qd2 Qd8 20. Kf1 Qd7 21.
Ne5 Bxe5 22. Bxe5 Rad8 1/2-1/2

[Event "43. India ch"]
[Site "Visakhapatnam IND"]
[Date "2006.04.10"]
[Round "12.1"]
[White "Ganguly, Surya Shekhar"]
[Black "Ramesh, RB."]
[Result "1-0"]
[WhiteElo "2579"]
[BlackElo "2491"]
[PlyCount "39"]
[EventDate "2006.04.03"]
[EventType "tourn"]
[EventRounds "21"]
[EventCountry "IND"]
[Source "lmi"]
[SourceDate "2006.04.17"]

1. e4 e5 2. Nf3 Nf6 3. Nxe5 d6 4. Nf3 Nxe4 5. d4 d5 6. Bd3 Nc6 7. O-O Be7 8.
Nc3 Nf6 9. h3 O-O 10. a3 Re8 11. Re1 Bf8 12. Rxe8 Qxe8 13. Bg5 Ne7 14. Bxf6
gxf6 15. Qd2 c6 16. Re1 Be6 17. Ne2 Ng6 18. Ng3 Be7 19. Nh5 Kh8 20. Bxg6 1-0

[Event "43. India ch"]
[Site "Visakhapatnam IND"]
[Date "2006.04.10"]
[Round "12.3"]
[White "Koneru, Humpy"]
[Black "Venkatesh, MR."]
[Result "1/2-1/2"]
[WhiteElo "2537"]
[BlackElo "2438"]
[PlyCount "37"]
[EventDate "2006.04.03"]
[EventType "tourn"]
[EventRounds "21"]
[EventCountry "IND"]
[Source "lmi"]
[SourceDate "2006.04.17"]

1. d4 Nf6 2. c4 e6 3. Nc3 Bb4 4. e3 O-O 5. Bd3 d5 6. Nf3 c5 7. O-O Nc6 8. cxd5
exd5 9. dxc5 Bxc5 10. b3 Bg4 11. Bb2 Qe7 12. h3 Bxf3 13. Qxf3 d4 14. Ne4 Nxe4
15. Bxe4 dxe3 16. fxe3 Rae8 17. Bxc6 Qxe3+ 18. Kh1 bxc6 19. Qxc6 1/2-1/2